Normal view
MARC view
Entry Personal Name
001 - CONTROL NUMBER
- control field: 12535
003 - CONTROL NUMBER IDENTIFIER
- control field: ARRUPE
005 - DATE AND TIME OF LATEST TRANSACTION
- control field: 20141111135729.0
008 - FIXED-LENGTH DATA ELEMENTS
- fixed length control field: 141111|| aca||aabn | a|a d
040 ## - CATALOGING SOURCE
- Original cataloging agency: ARRUPE
- Transcribing agency: ARRUPE
100 ## - HEADING--PERSONAL NAME
- Personal name: Miller, David
- Fuller form of name: (David W.)
670 ## - SOURCE DATA FOUND
- Source citation: Work cat.: (ARRUPE)0: Miller, David (David W.), Critical rationalism :, c1994.